00000000nas 2200000za 4500
0019.804973
003CaOODSP
00520250303104652
007cr |||||||||||
008150406d19161924xxc x m o||||f0   |0eng|d
040 |aCaOODSP|beng
043 |an-cn---
0861 |aA54-5E-PDF
24500|aExhibition circular |h[electronic resource] / |cDominion Experimental Farms.
260 |aOttawa : |bDominion of Canada, Department of Agriculture, |c1916-1924.
300 |a108 v. : |bill.
3620 |aNo. 1 (1916) - no. 108 (1924).
500 |aHistorical publications digitized by Agriculture and Agri-Food Canada.
515 |aSome nos. issued in revised editions.
69207|2gccst|aAgriculture
7101 |aCanada. |bDepartment of Agriculture.
7102 |aDominion Experimental Farms and Stations (Canada)